|
|
|
|
| LEADER |
00000cam a2200000 7i4500 |
| 001 |
0000002830 |
| 002 |
000003061 |
| 005 |
20000330.0 |
| 020 |
|
|
|a 9679600416
|
| 090 |
0 |
0 |
|a 320.959522
|b JAY
|
| 100 |
0 |
|
|a Jayum A. Jawan
|
| 245 |
1 |
4 |
|a The Iban factor in Sarawak politics
|c Jayum A. Jawan
|
| 260 |
|
|
|a Serdang :
|b Penerbit UPM ,
|c 1993
|
| 300 |
|
|
|a 108p. ;
|c 24cm.
|
| 610 |
0 |
0 |
|a Parti Bahasa Dayak Sarawak
|
| 650 |
0 |
0 |
|a Elections
|z Sarawak
|
| 650 |
0 |
0 |
|a Ibans (Bornean people)
|x Economic conditions
|
| 650 |
0 |
0 |
|a Ibans (Bornean people)
|x Politics and government
|
| 651 |
|
0 |
|a Sarawak
|x Politics and government
|
| 999 |
|
|
|a 036435
|b BUKU
|c MALAYSIANA
|e PERPUSTAKAAN KOMUNITI PETALING JAYA
|